<?xml version="1.0" encoding="UTF-8"?>
<record
    xmlns:xsi="http://www.w3.org/2001/XMLSchema-instance"
    xsi:schemaLocation="http://www.loc.gov/MARC21/slim http://www.loc.gov/standards/marcxml/schema/MARC21slim.xsd"
    xmlns="http://www.loc.gov/MARC21/slim">

  <leader>01596nam a22003017a 4500</leader>
  <controlfield tag="005">20260525132440.0</controlfield>
  <controlfield tag="008">260525b        mx ||||| |||| 00| 0 spa d</controlfield>
  <datafield tag="050" ind1="0" ind2="4">
    <subfield code="a">LB3054.M6 </subfield>
    <subfield code="b">C65 2015</subfield>
  </datafield>
  <datafield tag="100" ind1="1" ind2=" ">
    <subfield code="a">Contreras Ni&#xF1;o, Luis &#xC1;ngel, </subfield>
    <subfield code="e">autor.</subfield>
  </datafield>
  <datafield tag="245" ind1="1" ind2="4">
    <subfield code="a">Las pruebas ENLACE y EXCALE</subfield>
    <subfield code="b"> : un estudio de validaci&#xF3;n</subfield>
    <subfield code="c"> / Felipe Mart&#xED;nez Rizo, coordinador ; Luis &#xC1;ngel Contreras Ni&#xF1;o, Eugenio Gonz&#xE1;lez, Jes&#xFA;s M. Jornet Meli&#xE1;, Ma. Regina Mart&#xED;nez Casas, J. Felipe Mart&#xED;nez Fern&#xE1;ndez, Mar&#xED;a Guadalupe P&#xE9;rez Mart&#xED;nez, Francisco E. Reyes Jim&#xE9;nez, Lucrecia Santib&#xE1;&#xF1;ez, Guillermo Solano Flores, Marianne Sandy Taut, Agust&#xED;n Trist&#xE1;n L&#xF3;pez</subfield>
  </datafield>
  <datafield tag="260" ind1=" " ind2=" ">
    <subfield code="a">M&#xE9;xico, D.F. : Instituto Nacional para la Evaluaci&#xF3;n de la Educaci&#xF3;n, 2015</subfield>
  </datafield>
  <datafield tag="300" ind1=" " ind2=" ">
    <subfield code="a">119 p&#xE1;ginas ;</subfield>
    <subfield code="c">27 cm</subfield>
  </datafield>
  <datafield tag="490" ind1=" " ind2="0">
    <subfield code="a">Cuaderno de investigaci&#xF3;n / Instituto Nacional para la Evaluaci&#xF3;n de la Educaci&#xF3;n ; </subfield>
    <subfield code="v">40</subfield>
  </datafield>
  <datafield tag="650" ind1=" " ind2="7">
    <subfield code="2">lemb</subfield>
    <subfield code="a">Mediciones y pruebas educativas </subfield>
    <subfield code="z">M&#xE9;xico</subfield>
  </datafield>
  <datafield tag="650" ind1=" " ind2="7">
    <subfield code="2">lemb</subfield>
    <subfield code="a">Pruebas de competencia en educaci&#xF3;n </subfield>
    <subfield code="z">M&#xE9;xico</subfield>
  </datafield>
  <datafield tag="700" ind1="1" ind2=" ">
    <subfield code="a">Mart&#xED;nez Rizo, Felipe, </subfield>
    <subfield code="e">editor</subfield>
  </datafield>
  <datafield tag="700" ind1="1" ind2=" ">
    <subfield code="a">Gonz&#xE1;lez, Eugenio, </subfield>
    <subfield code="e">autor</subfield>
  </datafield>
  <datafield tag="700" ind1="1" ind2=" ">
    <subfield code="a">Jornet Meli&#xE1;, Jes&#xFA;s M., </subfield>
    <subfield code="e">autor</subfield>
  </datafield>
  <datafield tag="700" ind1="1" ind2=" ">
    <subfield code="a">Mart&#xED;nez Casas, Regina, </subfield>
    <subfield code="e">autora</subfield>
  </datafield>
  <datafield tag="700" ind1="1" ind2=" ">
    <subfield code="a">Mart&#xED;nez Fern&#xE1;ndez, J. Felipe, </subfield>
    <subfield code="e">autor</subfield>
  </datafield>
  <datafield tag="700" ind1="1" ind2=" ">
    <subfield code="a">P&#xE9;rez Mart&#xED;nez, Mar&#xED;a Guadalupe, </subfield>
    <subfield code="e">autora</subfield>
  </datafield>
  <datafield tag="700" ind1="1" ind2=" ">
    <subfield code="a">Reyes Jim&#xE9;nez, Francisco E., </subfield>
    <subfield code="e">autor</subfield>
  </datafield>
  <datafield tag="700" ind1="1" ind2=" ">
    <subfield code="a">Santib&#xE1;&#xF1;ez, Lucrecia,</subfield>
    <subfield code="e">autora</subfield>
  </datafield>
  <datafield tag="700" ind1="1" ind2=" ">
    <subfield code="a">Solano Flores, Guillermo, </subfield>
    <subfield code="e">autor</subfield>
  </datafield>
  <datafield tag="700" ind1="1" ind2=" ">
    <subfield code="a">Taut, Marianne Sandy, </subfield>
    <subfield code="e">autora</subfield>
  </datafield>
  <datafield tag="700" ind1="1" ind2=" ">
    <subfield code="a">Trist&#xE1;n L&#xF3;pez, Agust&#xED;n, </subfield>
    <subfield code="e">autor</subfield>
  </datafield>
  <datafield tag="942" ind1=" " ind2=" ">
    <subfield code="2">lcc</subfield>
    <subfield code="c">LIB</subfield>
  </datafield>
  <datafield tag="999" ind1=" " ind2=" ">
    <subfield code="c">172816</subfield>
    <subfield code="d">172814</subfield>
  </datafield>
  <datafield tag="952" ind1=" " ind2=" ">
    <subfield code="1">0</subfield>
    <subfield code="2">lcc</subfield>
    <subfield code="4">0</subfield>
    <subfield code="7">0</subfield>
    <subfield code="a">INV-033</subfield>
    <subfield code="b">INV-033</subfield>
    <subfield code="c">GENERAL</subfield>
    <subfield code="d">2026-05-25</subfield>
    <subfield code="e">DON</subfield>
    <subfield code="f">1a ed. 1a </subfield>
    <subfield code="i">H</subfield>
    <subfield code="k">EH</subfield>
    <subfield code="l">0</subfield>
    <subfield code="o">LB3054.M6 C65 r2015</subfield>
    <subfield code="p">IIH000037940</subfield>
    <subfield code="r">2026-05-25 13:26:51</subfield>
    <subfield code="t">1</subfield>
    <subfield code="v">1.00</subfield>
    <subfield code="y">LIB</subfield>
  </datafield>
</record>
